000 00882 a2200445 4500
000 BKB
001 071953
005 20200902151117.0
008
010 _a
020 _a
082 _a515.9
_bN28V
100 1 _aNeedhan, Tristan
110 _a
245 1 _aVisual complex analysis
_cby Tristan Needhan
250 _a
260 _aNew York
_bClarendon Press
_c2000
300 _a592p.
490 _a
_v
500 _a
600 _a
610 _a
611 _a
630 _a
650 _a
651 _a
654 _a
690 _aMathematical analysis; Functions of complex variables
700 _a
_b
_c
710 _a
_b
_c
711 _a
720 _a
730 _a
740 _a
752 _a
856 _a
_d
_f
904 _a
964 _a
_b
_c
_d
_e
_f
_g
965 _a
999 _c5220
_d5220